| Tag |
First Indicator |
Second Indicator |
Subfields |
| LEADER |
00000cas a2200000Ia 4500 |
| 001 |
in00001307213 |
| 005 |
20220601175532.8 |
| 007 |
hd afa012bucu |
| 008 |
901126d19161920mauuu m a s0 a0eng d |
| 035 |
|
|
|a (OCoLC)ocm22735492
|
| 035 |
|
|
|a (OCoLC)22735492
|
| 040 |
|
|
|a GUA
|b eng
|c GUA
|d OCL
|d OCLCQ
|d OCLCF
|d OCLCO
|d OCLCQ
|d OCLCA
|d OCLCO
|
| 043 |
|
|
|a n-us-wa
|
| 050 |
|
4 |
|a S125.A5
|b C5
|
| 099 |
|
|
|a film
|a S
|a 1754
|
| 130 |
0 |
|
|a Circular (State College of Washington. Extension Service)
|
| 245 |
1 |
0 |
|a Circular.
|
| 264 |
|
1 |
|a Pullman, Wash. :
|b Dept. of Extension, State College of Washington,
|c 1916-1920.
|
| 300 |
|
|
|a 8 volumes
|
| 336 |
|
|
|a text
|b txt
|2 rdacontent
|
| 337 |
|
|
|a microform
|b h
|2 rdamedia
|
| 338 |
|
|
|a microfilm reel
|b hd
|2 rdacarrier
|
| 362 |
0 |
|
|a No. 1 (Mar. 1916)-8 (Mar. 1920).
|
| 500 |
|
|
|a Title from caption.
|
| 533 |
|
|
|a Microfilm.
|b Stoughton, Mass. :
|c Graphic Microfilm Division, Spaulding,
|d 1981.
|e 1 microfilm reel ; 16 mm.
|
| 650 |
|
0 |
|a Agricultural extension work
|z Washington (State)
|
| 650 |
|
6 |
|a Agriculture
|x Vulgarisation
|z Washington (État)
|
| 650 |
|
7 |
|a Agricultural extension work.
|2 fast
|0 (OCoLC)fst00800781
|
| 651 |
|
7 |
|a Washington (State)
|2 fast
|0 (OCoLC)fst01204703
|
| 710 |
2 |
|
|a State College of Washington.
|b Extension Service.
|
| 785 |
0 |
0 |
|t Extension circular (State College of Washington. Extension Service)
|w (OCoLC)22735505
|
| 948 |
|
|
|h HELD BY TXA - 2 OTHER HOLDINGS
|
| 994 |
|
|
|a Z0
|b TXA
|
| 999 |
f |
f |
|s d18aed55-8213-3c37-a05f-70efb64be90e
|i 7b38df66-382c-3b9d-8bd1-92b207b6babe
|t 0
|
| 952 |
f |
f |
|p default
|a Texas A&M University
|b College Station
|c Sterling C. Evans Library
|d Evans: Microforms (3rd floor)
|t 0
|e film S 1754
|h Other scheme
|i unmediated -- volume
|
| 998 |
f |
f |
|a film S 1754
|s no.1 (1916:Mar.)-8 (1920:Mar.)
|t 0
|l Evans: Microforms (3rd floor)
|